000 00414 a2200181 4500
001 127041
020 _a9788541823876
040 _cEscola Canadense de Niteroi
100 _aSM
245 1 0 _aAprendizagem Língua Portuguesa 7: atividades
250 _a1ª Ed.
260 _aSão Paulo
300 _a112 p.
_bil.
362 0 _a2019
490 0 _aAprendizagem
650 4 _aLíngua Portuguesa
942 _cBK
999 _c127041
_d127041